Betclic 3. Liga - grupa II 2025/26 - Statystyki

Ogólne statystyki
  • Ten quiz został rozwiązany 57 razy
  • Średni wynik to 10 z 18
Statystyki odpowiedzi
Drużyna % Poprawnych
Zawisza Bydgoszcz
92%
Elana Toruń
78%
Błękitni Stargard
70%
Wikęd Luzino
70%
Pogoń II Szczecin
68%
Flota Świnoujście
57%
Lech II Poznań
57%
Polonia Środa Wielkopolska
57%
Victoria Września
54%
Cartusia Kartuzy
51%
Wda Świecie
46%
Noteć Czarnków
41%
Unia Swarzędz
41%
Lipno Stęszew
38%
Pogoń Nowe Skalmierzyce
35%
Kluczevia Stargard
32%
Tłuchowia Tłuchowo
32%
Wybrzeże Rewalskie Rewal
32%
Nie znaleziono quizów pasujących do podanych kryteriów
Rozkład punktacji
Procent ludzi z każdym wynikiem
Percentyl według liczby udzielonych odpowiedzi
Twoja historia wyników
Nie rozwiązałeś tego quizu